00453nam a2200109Ia 4500008004100000050002700041100002500068245011400093260008600207300002800293521002200321140724s9999 xx 000 0 und d aLC 4713.4b.Sa237 2011 aSantos, Jany Cris A. aSensory integration therapy on children with attention deficit hyperactivity disorder /cJany Cris A. Santos. aLas Piñas, Philippines :bSouthville International School and Colleges,cc2011. a68 p. :bill. ;c28 cm. aSpecial Education